| 000 | 00359nam a22001337a 4500 | ||
|---|---|---|---|
| 008 | 181025b xxu||||| |||| 00| 0 eng d | ||
| 020 | _a9780385721868 | ||
| 041 | _aeng | ||
| 080 | _a321 | ||
| 100 | _a22 | ||
| 101 | _aPol | ||
| 245 |
_aWorld On Fire How Exporting Market Democracy Ethnics Global And Global Instability _cChua.A |
||
| 942 |
_2udc _cBK |
||
| 999 |
_c50932 _d50932 |
||